AH International Schools' Libraries

What's Your Favorite Bug? / (Record no. 49603)

MARC details
000 -LEADER
fixed length control field 00962nam a2200133 4500
020 ## - INTERNATIONAL STANDARD BOOK NUMBER
International Standard Book Number 978-1250228635
245 ## - TITLE STATEMENT
Title What's Your Favorite Bug? /
Remainder of title Eric Carle and Friends.
Statement of responsibility, etc by Eric Carle.
260 ## - PUBLICATION, DISTRIBUTION, ETC. (IMPRINT)
Place of publication, distribution, etc New York:
Name of publisher, distributor, etc Henry Holt and Co.;
Date of publication, distribution, etc 2019.
300 ## - PHYSICAL DESCRIPTION
Extent 32 pages.
Dimensions 5.95 x 0.7 x 7 inches.
490 ## - SERIES STATEMENT
Series statement Eric Carle and Friends' What's Your Favorite
Volume number/sequential designation 3 of 4
500 ## - GENERAL NOTE
General note In this companion to What's Your Favorite Animal? and What’s Your Favorite Color?, Eric Carle and fourteen other beloved children's book artists illustrate their favorite bugs and explain why they love them.<br/><br/>Everybody has a favorite bug. Some like shiny, colorful beetles or busy ants or soft pale moths best. Others prefer spindly walking sticks or fuzzy caterpillars that turn into bright butterflies. With beautiful illustrations and charming personal stories, 15 children's book artists share their favorite bugs and why they love them.
650 #0 - SUBJECT ADDED ENTRY--TOPICAL TERM
9 (RLIN) 53631
Topical term or geographic name as entry element Insects.
942 ## - ADDED ENTRY ELEMENTS (KOHA)
Source of classification or shelving scheme
Koha item type Board Book
Holdings
Withdrawn status Lost status Source of classification or shelving scheme Damaged status Not for loan Home library Current library Date acquired Total Checkouts Full call number Barcode Date last seen Date checked out Price effective from Koha item type
          Logos International School Logos International School 10/03/2025 2 BB CAR 041772 03/16/2026 03/12/2026 10/03/2025 Board Book

For any Logos Library related questions please contact Miss Art at swongnarasuk@asianhope.org.

For any Asian Hope Library related questions please contact Miss Raza at graza@asianhope.org.

Powered by Koha